00610nam a2200121Ia 4500008004100000020001800041245016900059260002200228440006000250650011500310650002200425856004100447171212s9999 xx 000 0 und d a9781760460198 ceditor Dobes, Leo;Argyrous, George;Leung, JoanneaSocial cost-benefit analysis in Australia and New ZealandbThe state of current practice and what needs to be done bANU E Pressc2016 aAustralia and New Zealand School of Government (ANZSOG) aCost effectiveness -- Social aspects; Public administration -- Australia; Public administration -- New Zealand aPolitical Science uhttp://jstor.org/stable/j.ctt1d10hms